Statistics for WWE Wrestlemania 34 Participants

Click here to take the quiz!

General Stats

  • This quiz has been taken 110 times
  • The average score is 23 of 87

Answer Stats

HintAnswer% Correct
Andre The Giant Battle RoyalMatt Hardy
68%
Andre The Giant Battle RoyalBaron Corbin
66%
Andre The Giant Battle RoyalMojo Rawley
52%
Raw Tag Team Title MatchCesaro
45%
Andre The Giant Battle RoyalKane
45%
Singles MatchJohn Cena
44%
WWE Universal Title MatchRoman Reigns
44%
Raw Tag Team Title MatchBraun Strowman
43%
WWE Universal Title MatchBrock Lesnar
43%
Intercontinental Title MatchThe Miz
43%
Intercontinental Title MatchSeth Rollins
41%
Singles MatchThe Undertaker
41%
Andre The Giant Battle RoyalDolph Ziggler
40%
United States Title MatchRandy Orton
38%
Raw Tag Team Title MatchSheamus
38%
Mixed Tag MatchTriple H
38%
Andre The Giant Battle RoyalZack Ryder
38%
WWE Title MatchAJ Styles
36%
United States Title MatchJinder Mahal
34%
Smackdown Live Tag Team Title MatchBig E
33%
Tag Team MatchDaniel Bryan
33%
Mixed Tag MatchKurt Angle
33%
Smackdown Live Tag Team Title MatchKofi Kingston
32%
Andre The Giant Battle RoyalHeath Slater
31%
Tag Team MatchKevin Owens
31%
Womens Battle RoyalSasha Banks
31%
WWE Title MatchShinsuke Nakamura
31%
United States Title MatchRusev
30%
Tag Team MatchSami Zayn
30%
Intercontinental Title MatchFinn Balor
28%
Womens Battle RoyalNaomi
28%
Mixed Tag MatchRonda Rousey
28%
Womens Battle RoyalBecky Lynch
27%
Andre The Giant Battle RoyalCurtis Axel
27%
Smackdown Live Tag Team Title MatchLuke Harper
27%
Womens Battle RoyalBayley
26%
United States Title MatchBobby Roode
26%
Andre The Giant Battle RoyalBo Dallas
26%
Smackdown Womens Title MatchAsuka
25%
Smackdown Womens Title MatchCharlotte
25%
Smackdown Live Tag Team Title MatchErick Rowan
25%
Raw Womens Title MatchNia Jax
25%
Tag Team MatchShane McMahon
25%
Mixed Tag MatchStephanie McMahon
25%
Andre The Giant Battle RoyalApollo
24%
Smackdown Live Tag Team Title MatchJey Uso
24%
Smackdown Live Tag Team Title MatchJimmy Uso
24%
Andre The Giant Battle RoyalRhyno
24%
Raw Womens Title MatchAlexa Bliss
23%
Andre The Giant Battle RoyalCurt Hawkins
23%
Andre The Giant Battle RoyalGoldust
23%
Andre The Giant Battle RoyalTitus O'Neil
23%
Cruiser Weight Title MatchMustafa Ali
22%
Andre The Giant Battle RoyalScott Dawson
22%
Womens Battle RoyalCarmella
20%
Andre The Giant Battle RoyalDash Wilder
20%
Andre The Giant Battle RoyalFandango
20%
Raw Tag Team Title MatchNicholas
20%
Womens Battle RoyalMandy Rose
19%
Womens Battle RoyalRuby Riott
19%
Andre The Giant Battle RoyalTyler Breeze
19%
Womens Battle RoyalNatalya
18%
Andre The Giant Battle RoyalR-Truth
18%
Womens Battle RoyalSarah Logan
18%
Cruiser Weight Title MatchCedric Alexander
17%
Womens Battle RoyalLiv Morgan
17%
Andre The Giant Battle RoyalSin Cara
17%
Andre The Giant Battle RoyalTye Dillinger
17%
Andre The Giant Battle RoyalViktor
17%
Andre The Giant Battle RoyalAiden English
16%
Andre The Giant Battle RoyalChad Gable
16%
Andre The Giant Battle RoyalKarl Anderson
16%
Andre The Giant Battle RoyalKonnor
16%
Womens Battle RoyalLana
16%
Andre The Giant Battle RoyalLuke Gallows
16%
Womens Battle RoyalSonya Deville
15%
Andre The Giant Battle RoyalShelton Benjamin
14%
Womens Battle RoyalDana Brooke
13%
Womens Battle RoyalKavita Devi
13%
Womens Battle RoyalMickie James
13%
Womens Battle RoyalPeyton Royce
11%
Andre The Giant Battle RoyalPrimo Colon
11%
Womens Battle RoyalBianca Belair
10%
Andre The Giant Battle RoyalMike Kanellis
10%
Womens Battle RoyalKairi Sane
9%
Womens Battle RoyalDakota Kai
8%
Womens Battle RoyalTaynara Conti
2%

Score Distribution

Percentile by Number Answered

Percent of People with Each Score

Your Score History

You have not taken this quiz